00584nam a2200169 450000100060000009000100000610000400001610100080005610200070006420001270007121000370019821500170023567500130025280100120026599000110027799501260028846095 a46095 a20260508 pory50  apor aPT aSobrevivencia da primitiva Roda de Oleiro em PortugaldPortugalia:materiaes para o estudo do povo portuguezfRocha Peixoto aPortocImprensa Portuguesad1905 ap. 3-7 cil. a738(469) aPTgRPC cLIVROS 10978086bFLCcFLCf057213k738(469) PEIo-1rLIVROSufotocópia do original. Separata do Tomo II, fasc. 1 de Portugalia